000 00986cam a2200253 4500
008 000000n2000 000 0 eng u
035 _a(Sirsi) u106085
245 _aTimetable needed for change in subsidy payments
260 _c2000
490 _aFarmers' Weekly
_v132(20) 19 May 2000, 8(1)
520 _aThe HC environment select committee has published a report with suggestions for the forthcoming rural white paper. It says government should set out a timetable for increasing the percentage cut in subsidy payments and should use cross compliance mechanisms to ensure high environmental standards. Efforts should be made to switch subsidies towards agri-environment schemes.
590 _aWB
600 _aRICS
650 _aRURAL WHITE PAPER
650 _aAGRI-ENVIRONMENT SCHEMES
650 _aMODULATION
650 _aSUBSIDIES
650 _aSUPERMARKETS
650 _aAGRICULTURE
650 _aCLA
650 _aNFU
690 _aRural
_96268
942 _n0
999 _c63551
_d63551